|
|
|
|
| LEADER |
00921cam a2200253 7i4500 |
| 001 |
0000067764 |
| 005 |
20220401090000.0 |
| 020 |
|
|
|a 9780429355448 (electronic book)
|
| 020 |
|
|
|a 9781032060767 (pbk)
|
| 020 |
|
|
|a 9780367376536 (hbk)
|
| 090 |
0 |
0 |
|a RA441
|b .V36 2021
|
| 100 |
1 |
|
|a Vanderslott, Samantha
|
| 245 |
1 |
0 |
|a Attention and responsibility in global health :
|b the currency of neglect
|c Samantha Vanderslott.
|
| 264 |
|
|
|a London ; New York, NY:
|b Routledge, Taylor & Francis Group,
|c 2022.
|
| 300 |
|
|
|a 1 online resource (xi, 191 pages):
|b text file, PDF.
|
| 336 |
|
|
|a text
|2 rdacontent
|
| 337 |
|
|
|a computer
|2 rdamedia
|
| 338 |
|
|
|a online resource
|2 rdacarrier
|
| 650 |
0 |
0 |
|a Health attitudes
|
| 650 |
0 |
0 |
|a Public health
|
| 655 |
0 |
0 |
|a Electronic books
|
| 856 |
4 |
2 |
|u http://library.unisel.edu.my/web/guest/mylibrary
|
| 997 |
|
|
|a Health Sciences, Faculty
|
| 999 |
|
|
|a EBO0012186
|b EBOOK
|c EBOOK
|e Electronic resources
|